| 000 -ლიდერი |
| ფიქსირებული სიგრძის საკონტროლო ველი |
00961nam a22002057a 4500 |
| 003 - საკონტროლო ნომრის იდენტიფიკატორი |
| საკონტროლო ველი |
Ge_BSU |
| 005 - ბოლო ოპერაციის თარიღი და დრო |
| საკონტროლო ველი |
20221025162205.0 |
| 008 - ფიქსირებული სიგრძის მონაცემთა ელემენტები - ზოგადი ინფორმაცია |
| ფიქსირებული სიგრძის საკონტროლო ველი |
221025s2008 ge ||||| |||| 00| 0 geo d |
| 020 ## - წიგნის საერთაშორისო სტანდარტული ნომერი |
| International Standard Book Number |
9992879106 |
| 041 ## - ენის კოდი |
| Language code of text/sound track or separate title |
geo |
| 080 ## - უნივერსალური ათობითი კლასიფიკაციის ინდექსი |
| Universal Decimal Classification number |
32.001(075.8) ჭ-83 |
| 100 ## - მთავარი ჩანაწერი - პიროვნების სახელი |
| Personal name |
ჭუმბურიძე, ო |
| 9 (RLIN) |
15539 |
| 245 ## - ცნობა სათაურის შესახებ |
| Title |
პოლიტოლოგია : |
| Remainder of title |
ზოგადი კურსი / |
| Statement of responsibility, etc |
ოთარ ჭუმბურიძე; რედ.: იგორ კვესელავა. |
| 250 ## - გამოცემის ცნობა |
| Edition statement |
მეორე ჩასწორებული გამოცემა |
| 264 ## - წარმოების, გამოცემის, დისტრიბუციის და სხვა ცნობები |
| გამოცემის, წარმოების, დისტრიბუციის... ადგილი |
ქუთაისი : |
| გამოცემის, წარმოების, დისტრიბუციის... სახელწოდება |
ქუთაისის სახელმწიფო უნივერსიტეტის გამომცემლობა, |
| გამოცემის, წარმოების, დისტრიბუციის... თარიღი |
2008. |
| 300 ## - ფიზიკური აღწერა |
| Extent |
245 გვ.; |
| Other physical details |
20 სმ. |
| 653 ## - INDEX TERM--UNCONTROLLED |
| Uncontrolled term |
პოლიტოლოგია |
| 700 ## - ADDED ENTRY--PERSONAL NAME |
| Personal name |
კვესელავა, ი. |
| Relator term |
რედაქტორი |
| 9 (RLIN) |
15540 |
| 942 ## - ADDED ENTRY ELEMENTS (KOHA) |
| Source of classification or shelving scheme |
|
| Koha item type |
წიგნი |